| 000 | 00464nam a2200169Ia 4500 | ||
|---|---|---|---|
| 008 | 210210b1965 xxu||||| |||| 00| 0 eng d | ||
| 041 | _aeng | ||
| 082 | _a543.08 WILI | ||
| 100 | _aWILLARD (Hobart H) and others | ||
| 245 | _aInstrumental methods of analysis Ed 4 | ||
| 250 | _a | ||
| 260 |
_aNY _bD Van Nostrand company, Inc. _c1965 |
||
| 300 | _axviii,784 | ||
| 650 | _aInstrumental methods of analysis | ||
| 690 | _aAnalytical Chemistry | ||
| 906 | _a009962 | ||
| 999 |
_c151226 _d151226 |
||